| 000 | 01033nam a22003137a 4500 | ||
|---|---|---|---|
| 003 | CHAP | ||
| 005 | 20220329140340.0 | ||
| 008 | 971013s1969 r 00010 d | ||
| 010 | _a50772 | ||
| 011 | _a51744 | ||
| 035 | _a55894 | ||
| 040 | _cCHAP | ||
| 082 |
_a332.71 _bV6 |
||
| 100 | 0 | 0 |
_aVogel, Robert Cross. _9120605 |
| 245 | _aAgricultural credit in Costa rica | ||
| 260 |
_aSan José : _bAsociated Colleges of the Midwest. Central American Field Program, _c1969 |
||
| 300 | _a157 h. | ||
| 490 | _aAID/ACM contract No. AID-515-171-T | ||
| 590 |
_aBATCH-UPD _b10 _c20130110 _lUCH01 _h0623 |
||
| 590 |
_aBATCH-UPD _b10 _c20130410 _lUCH01 _h0307 |
||
| 590 |
_aBATCH-UPD _b10 _c20130913 _lUCH01 _h2321 |
||
| 590 |
_aCONVERSION _b10 _c20130109 _lUCH01 _h1328 |
||
| 650 | 1 | 4 |
_aCrédito agrícola _xCosta Rica. _929048 |
| 700 | 0 |
_aGonzález Vega, Claudio. _949476 |
|
| 830 | 0 |
_aAID/ACM contract No. AID-515-171-T _93124 |
|
| 901 | _aBK | ||
| 942 | _cLIBRO | ||
| 949 |
_a332.71 V6 _bBC _cLIBRO _d33724000338729 _eLIBRO _h33936 _i55894 _mD _si |
||
| 999 |
_c50772 _d50772 |
||